[Event "Tambov Korensky Memorial 29th"]
[Site "Tambov"]
[Date "2020.09.06"]
[Round "9"]
[White "Lopukhin, Anatoly Viktorovich"]
[Black "Kutyanina, Mariya"]
[Result "0-1"]
[WhiteElo "2230"]
[BlackElo "2057"]
[PlyCount "94"]
[EventDate "2020.08.29"]
[EventType "swiss"]
[EventRounds "9"]
[EventCountry "RUS"]
[SourceTitle "EXT 2021"]
[Source "ChessBase"]
[SourceDate "2020.10.23"]
[SourceVersion "1"]
[SourceVersionDate "2020.10.23"]
[SourceQuality "1"]

1. e4 c5 2. Ne2 d6 3. g3 Nc6 4. Bg2 g6 5. c3 Bg7 6. 0-0 e6 7. d4 cxd4 8. cxd4 Nge7 9. Nbc3 0-0 10. Be3 a6 11. Qd2 b5 12. Bh6 Bb7 13. Bxg7 Kxg7 14. b3 Rc8 15. Rac1 Qb6 16. Rfd1 Nd8 17. h4 h6 18. Kh2 f5 19. exf5 Bxg2 20. Kxg2 Nxf5 21. Nf4 Qb7+ 22. d5 e5 23. Nfe2 Qf7 24. f4 exf4 25. Nxf4 Nxh4+ 26. gxh4 Qxf4 27. Qxf4 Rxf4 28. Kg3 Rf5 29. Ne4 Rxc1 30. Rxc1 Rxd5 31. Rc7+ Nf7 32. Ra7 Rd4 33. Nf2 h5 34. Rxa6 Nh6 35. a4 Nf5+ 36. Kf3 Rb4 37. a5 Nxh4+ 38. Ke2 Nf5 39. Rb6 Rxb3 40. Nd3 h4 41. a6 h3 42. a7 Ra3 43. Rb7+ Kh6 44. Kf2 h2 45. Kg2 Ra2+ 46. Nf2 b4 47. Rxb4 Rxf2+ 0-1

[Event "Tambov Korensky Memorial 29th"]
[Site "Tambov"]
[Date "2020.09.05"]
[Round "8"]
[White "Afonasieva, Anna"]
[Black "Lopukhin, Anatoly Viktorovich"]
[Result "1-0"]
[WhiteElo "2274"]
[BlackElo "2230"]
[PlyCount "73"]
[EventDate "2020.08.29"]
[EventType "swiss"]
[EventRounds "9"]
[EventCountry "RUS"]
[SourceTitle "EXT 2021"]
[Source "ChessBase"]
[SourceDate "2020.10.23"]
[SourceVersion "1"]
[SourceVersionDate "2020.10.23"]
[SourceQuality "1"]

1. d4 d5 2. Bf4 c5 3. e3 Nc6 4. c3 Nf6 5. Nd2 Bf5 6. Qb3 Qd7 7. Ngf3 c4 8. Qd1 e6 9. Be2 b5 10. 0-0 h6 11. h3 Be7 12. Ne5 Nxe5 13. Bxe5 0-0 14. Bf3 Bd3 15. Re1 Qc6 16. Qc1 Nd7 17. e4 Bg5 18. exd5 exd5 19. Bg3 f5 20. h4 f4 21. hxg5 fxg3 22. fxg3 hxg5 23. Nf1 Nf6 24. Qxg5 Be4 25. Ne3 Nh7 26. Qxd5+ Qxd5 27. Nxd5 Bxf3 28. Ne7+ Kf7 29. gxf3 Rfd8 30. Nc6 Rd6 31. Re7+ Kf6 32. Rc7 Ng5 33. Ne5 b4 34. Nxc4 Re6 35. Ne5 bxc3 36. bxc3 Rb6 37. Nd7+ 1-0

[Event "Tambov Korensky Memorial 28th"]
[Site "Tambov"]
[Date "2019.08.30"]
[Round "7"]
[White "Lopukhin, Anatoly Viktorovich"]
[Black "Kryukov, Denis V"]
[Result "0-1"]
[WhiteElo "2234"]
[BlackElo "2329"]
[PlyCount "110"]
[EventDate "2019.08.24"]
[EventType "swiss"]
[EventRounds "9"]
[EventCountry "RUS"]
[SourceTitle "EXT 2020"]
[Source "ChessBase"]
[SourceDate "2019.10.17"]
[SourceVersion "1"]
[SourceVersionDate "2019.10.17"]
[SourceQuality "1"]

1. d4 Nf6 2. Nf3 e6 3. g3 c5 4. Bg2 d5 5. c4 Nc6 6. cxd5 exd5 7. 0-0 Be7 8. Nc3 0-0 9. Bf4 Ne4 10. dxc5 Nxc3 11. bxc3 Bxc5 12. Qd3 h6 13. Rab1 Re8 14. Rfd1 Bb6 15. Rb5 Qf6 16. Nd4 Bg4 17. Bf3 Bxf3 18. Nxf3 Rad8 19. Nd4 Re4 20. Rxd5 Rxd4 21. Rxd4 Bxd4 22. cxd4 Rxd4 23. Qc2 Qg6 24. Qc1 Qe6 25. Rd2 b5 26. Qc5 Qc4 27. Qxc4 Rxc4 28. Rb2 b4 29. Kf1 f5 30. Ke1 Kf7 31. Kd1 Ke6 32. Be3 a5 33. f3 a4 34. Rc2 Rxc2 35. Kxc2 Kd5 36. h4 h5 37. Kd3 Ne5+ 38. Kc2 Kc4 39. Bc1 g6 40. Bb2 Nc6 41. e3 Nd8 42. Bf6 Ne6 43. Bh8 Nc5 44. Bg7 b3+ 45. axb3+ axb3+ 46. Kd2 Ne6 47. Bf6 Nc7 48. e4 fxe4 49. fxe4 Ne6 50. Bb2 Nc5 51. Ke3 Nd3 52. Bf6 b2 53. Bxb2 Nxb2 54. Kf4 Nd3+ 55. Kg5 Ne5 0-1

[Event "Sochi Amateur op 6th"]
[Site "Sochi"]
[Date "2019.04.13"]
[Round "9"]
[White "Lopukhin, Anatoly Viktorovich"]
[Black "Kornilovich, Dmitry"]
[Result "0-1"]
[WhiteElo "2266"]
[BlackElo "2133"]
[PlyCount "92"]
[EventDate "2019.04.07"]
[EventType "swiss"]
[EventRounds "9"]
[EventCountry "RUS"]
[SourceTitle "CBM 189 Extra"]
[Source "ChessBase"]
[SourceDate "2019.05.31"]
[SourceVersion "1"]
[SourceVersionDate "2019.05.31"]
[SourceQuality "1"]

1. d4 Nf6 2. Nf3 g6 3. g3 Bg7 4. Bg2 0-0 5. 0-0 d6 6. a4 a5 7. Nc3 Na6 8. e4 Nd7 9. Bg5 h6 10. Be3 e5 11. Qd2 Kh7 12. Rad1 c6 13. dxe5 dxe5 14. Bh3 Qf6 15. Kg2 Ndc5 16. Bxc8 Rfxc8 17. Qd6 Ne6 18. Bb6 Nb4 19. Qd2 c5 20. Nb5 Rc6 21. c3 Na6 22. Bxa5 b6 23. Bxb6 Rxb6 24. b3 Nac7 25. Nxc7 Nxc7 26. Qc2 Qe6 27. Nd2 Rab8 28. Rb1 Ne8 29. Nc4 Ra6 30. Ne3 Qc6 31. f3 Bf8 32. Rfd1 Nd6 33. Rd5 c4 34. b4 Rxa4 35. Rxe5 Rba8 36. Rb2 Ra1 37. Rd5 Nb5 38. Rd1 Rxd1 39. Nxd1 Bg7 40. Qd2 Bf6 41. Rc2 Rd8 42. Qe2 Rd3 43. e5 Bxe5 44. Qxe5 Qxf3+ 45. Kh3 Rxd1 46. Qxb5 Rd5 0-1

[Event "Sochi Amateur op 6th"]
[Site "Sochi"]
[Date "2019.04.08"]
[Round "2"]
[White "Mochalin, Faddey"]
[Black "Lopukhin, Anatoly Viktorovich"]
[Result "1/2-1/2"]
[WhiteElo "2054"]
[BlackElo "2266"]
[PlyCount "66"]
[EventDate "2019.04.07"]
[EventType "swiss"]
[EventRounds "9"]
[EventCountry "RUS"]
[SourceTitle "CBM 189 Extra"]
[Source "ChessBase"]
[SourceDate "2019.05.31"]
[SourceVersion "1"]
[SourceVersionDate "2019.05.31"]
[SourceQuality "1"]

1. d4 g6 2. e4 Bg7 3. c4 e6 4. Nc3 Ne7 5. Bg5 h6 6. Bh4 Nbc6 7. d5 Nd4 8. Nge2 Nxe2 9. Bxe2 d6 10. Qd2 0-0 11. 0-0 e5 12. f3 g5 13. Bf2 f5 14. c5 fxe4 15. Nxe4 Nf5 16. Rac1 Nd4 17. cxd6 cxd6 18. Rfe1 Bf5 19. Bd3 Qd7 20. Rc3 Bxe4 21. Bxe4 Bf6 22. Qd3 Bd8 23. Bxd4 exd4 24. Rc2 Ba5 25. Rf1 Bb6 26. Kh1 Rae8 27. h3 Kg7 28. Re2 Qf7 29. Rfe1 Qf4 30. Bh7 Rxe2 31. Rxe2 Qc1+ 32. Kh2 Qf4+ 33. Kh1 Qc1+ 1/2-1/2

[Event "Dvorkovich Memorial op"]
[Site "Taganrog"]
[Date "2019.01.10"]
[Round "1"]
[White "Gerasimova, Viktoriya"]
[Black "Lopukhin, Anatoly Viktorovich"]
[Result "0-1"]
[WhiteElo "1506"]
[BlackElo "2282"]
[PlyCount "88"]
[EventDate "2019.01.10"]
[EventType "swiss"]
[EventRounds "9"]
[EventCountry "RUS"]
[SourceTitle "CBM 188 Extra"]
[Source "ChessBase"]
[SourceDate "2019.02.28"]
[SourceVersion "1"]
[SourceVersionDate "2019.02.28"]
[SourceQuality "1"]

1. f4 d5 2. Nf3 Bg4 3. e3 Nc6 4. Bb5 Nf6 5. 0-0 a6 6. Bxc6+ bxc6 7. b3 g6 8. Bb2 Bg7 9. Qe1 Bxf3 10. Rxf3 Qd7 11. Nc3 0-0 12. Ne2 c5 13. Ng3 a5 14. a4 Qc6 15. Qe2 Rab8 16. Bc3 Ne4 17. Bxg7 Kxg7 18. f5 Nxg3 19. Rxg3 c4 20. bxc4 dxc4 21. c3 Rb2 22. Rg4 Qd7 23. Rd4 Qxf5 24. Rf1 Rb1 25. Rxc4 Rxf1+ 26. Qxf1 Qc2 27. Rd4 Rb8 28. Qd3 Rb1+ 29. Kf2 Qc1 30. Qe2 Qg1+ 31. Kg3 Rf1 32. Rd5 Rf5 33. Rxf5 gxf5 34. Qd3 e6 35. Qd4+ Kg6 36. h3 Qd1 37. Kh2 c5 38. Qxc5 Qxa4 39. c4 Qb4 40. Qxb4 axb4 41. c5 Kf6 42. Kg3 b3 43. c6 Ke7 44. d4 b2 0-1

[Event "Sochi ChessAmateur op10"]
[Site "Sochi"]
[Date "2018.10.15"]
[Round "6"]
[White "Lopukhin, Anatoly Viktorovich"]
[Black "Chernyavsky, Alexander"]
[Result "0-1"]
[WhiteElo "2275"]
[BlackElo "2319"]
[PlyCount "82"]
[EventDate "2018.10.12"]
[EventType "swiss"]
[EventRounds "9"]
[EventCountry "RUS"]
[SourceTitle "CBM 187 Extra"]
[Source "ChessBase"]
[SourceDate "2018.11.04"]
[SourceVersion "1"]
[SourceVersionDate "2018.11.04"]
[SourceQuality "1"]

1. e4 e6 2. d4 d5 3. Nc3 Bb4 4. Nge2 dxe4 5. a3 Be7 6. Nxe4 Nd7 7. g3 Ngf6 8. Nxf6+ Nxf6 9. Bg2 c5 10. 0-0 cxd4 11. Qxd4 0-0 12. Qxd8 Rxd8 13. Be3 e5 14. Rad1 Bf5 15. Nc3 Bxc2 16. Rxd8+ Rxd8 17. Bxa7 b5 18. Rc1 Bd3 19. Re1 Bd6 20. Rd1 e4 21. Bd4 Ne8 22. Be3 f5 23. Bf1 Be5 24. Nxb5 Bxb2 25. a4 Kf7 26. Bxd3 exd3 27. Kf1 Nf6 28. Rb1 d2 29. Ke2 Ne4 30. f3 Bc1 31. Kd1 Rd3 32. fxe4 Rxe3 33. Kc2 fxe4 34. Rb4 Re1 35. Nc3 e3 36. Rf4+ Kg8 37. Re4 e2 38. Rxe2 d1Q+ 39. Nxd1 Rxe2+ 40. Kxc1 Rxh2 41. Nc3 Rg2 0-1

[Event "Sochi ChessAmateur op10"]
[Site "Sochi"]
[Date "2018.10.13"]
[Round "2"]
[White "Lopukhin, Anatoly Viktorovich"]
[Black "Zhukov, Anton"]
[Result "1-0"]
[WhiteElo "2275"]
[BlackElo "2161"]
[PlyCount "67"]
[EventDate "2018.10.12"]
[EventType "swiss"]
[EventRounds "9"]
[EventCountry "RUS"]
[SourceTitle "CBM 187 Extra"]
[Source "ChessBase"]
[SourceDate "2018.11.04"]
[SourceVersion "1"]
[SourceVersionDate "2018.11.04"]
[SourceQuality "1"]

1. d4 Nf6 2. g3 g6 3. Bg2 Bg7 4. e4 d6 5. Nc3 0-0 6. Nge2 e5 7. h3 Nc6 8. Be3 Re8 9. 0-0 exd4 10. Nxd4 Bd7 11. f4 Nxd4 12. Bxd4 Bc6 13. Re1 Nd7 14. b4 a6 15. a4 Bxd4+ 16. Qxd4 b6 17. a5 b5 18. Nd5 Bxd5 19. Qxd5 Nf6 20. Qc6 Nh5 21. e5 Rb8 22. exd6 Rxe1+ 23. Rxe1 cxd6 24. Re3 Rc8 25. Qxa6 Rxc2 26. Qxb5 Qf6 27. a6 Qd4 28. Qd3 Qb2 29. Qxc2 Qxc2 30. Re8+ Kg7 31. a7 Nxg3 32. a8Q Qc1+ 33. Kh2 Qxf4 34. Qf3 1-0

[Event "Sochi ChessAmateur op10"]
[Site "Sochi"]
[Date "2018.10.13"]
[Round "3"]
[White "Sukhareva, Evgenia"]
[Black "Lopukhin, Anatoly Viktorovich"]
[Result "0-1"]
[WhiteElo "2125"]
[BlackElo "2275"]
[PlyCount "100"]
[EventDate "2018.10.12"]
[EventType "swiss"]
[EventRounds "9"]
[EventCountry "RUS"]
[SourceTitle "CBM 187 Extra"]
[Source "ChessBase"]
[SourceDate "2018.11.04"]
[SourceVersion "1"]
[SourceVersionDate "2018.11.04"]
[SourceQuality "1"]

1. d4 d6 2. e4 g6 3. c4 Bg7 4. Nc3 Nd7 5. Be3 e5 6. d5 h5 7. Qd2 Bh6 8. Bxh6 Nxh6 9. Bd3 h4 10. 0-0-0 Kf8 11. f4 exf4 12. Qxf4 Qf6 13. Qd2 Ng4 14. Nf3 h3 15. gxh3 Rxh3 16. Ng5 Rxd3 17. Nh7+ Kg7 18. Nxf6 Rxd2 19. Nxg4 Rxd1+ 20. Rxd1 Nc5 21. Nf2 a5 22. Nd3 Nxd3+ 23. Rxd3 Bd7 24. Rf3 Rh8 25. Rf2 Kf8 26. Kd2 c5 27. Ne2 Ke7 28. Ng3 f6 29. b3 b5 30. cxb5 Bxb5 31. Ke3 a4 32. bxa4 Bxa4 33. Rb2 Bd7 34. Kf3 Ra8 35. Ke2 Ra3 36. Kd2 f5 37. exf5 Bxf5 38. Nxf5+ gxf5 39. h4 Kf6 40. h5 Ke5 41. h6 Rh3 42. a4 Rxh6 43. Rb8 Kxd5 44. Rf8 Rh4 45. a5 Ra4 46. Ra8 Kd4 47. Kc2 c4 48. Kb2 d5 49. a6 f4 50. a7 f3 0-1

[Event "Tambov Korensky Memorial 27th"]
[Site "Tambov"]
[Date "2018.08.11"]
[Round "1"]
[White "Lopukhin, Anatoly Viktorovich"]
[Black "Tikhonov, Viacheslav"]
[Result "1/2-1/2"]
[WhiteElo "2293"]
[BlackElo "2045"]
[PlyCount "33"]
[EventDate "2018.08.11"]
[EventType "swiss"]
[EventRounds "9"]
[EventCountry "RUS"]
[SourceTitle "CBM 186 Extra"]
[Source "ChessBase"]
[SourceDate "2018.08.24"]
[SourceVersion "1"]
[SourceVersionDate "2018.08.24"]
[SourceQuality "1"]

1. d4 Nf6 2. c4 g6 3. Nf3 Bg7 4. Nc3 0-0 5. g3 d6 6. Bg2 Nbd7 7. 0-0 c6 8. b3 e5 9. dxe5 dxe5 10. Ba3 Re8 11. Qc2 e4 12. Nd4 e3 13. f4 Ng4 14. Nf3 Qa5 15. Bb2 Nc5 16. Nh4 Ne6 17. Ne4 1/2-1/2

[Event "Sochi Doroshkevich Amateur op"]
[Site "Sochi"]
[Date "2017.12.27"]
[Round "8"]
[White "Eryshkanova, Anastasiya"]
[Black "Lopukhin, Anatoly Viktorovich"]
[Result "1-0"]
[WhiteElo "2188"]
[BlackElo "2310"]
[PlyCount "69"]
[EventDate "2017.12.21"]
[EventType "swiss"]
[EventRounds "9"]
[EventCountry "RUS"]
[SourceTitle "CBM 182 Extra"]
[Source "ChessBase"]
[SourceDate "2018.02.23"]
[SourceVersion "1"]
[SourceVersionDate "2018.02.23"]
[SourceQuality "1"]

1. e4 c5 2. Nf3 e6 3. d4 cxd4 4. Nxd4 Nf6 5. Bd3 Nc6 6. Nxc6 bxc6 7. 0-0 d5 8. e5 Nd7 9. Re1 Qc7 10. Bf4 Qb6 11. Nd2 Qxb2 12. Nb3 Qa3 13. c3 Ba6 14. Bc2 Rc8 15. Re3 Qe7 16. Nd4 Nb6 17. Rg3 Qd7 18. a4 g6 19. h4 Be7 20. h5 c5 21. a5 cxd4 22. axb6 Bb5 23. bxa7 Qc6 24. cxd4 g5 25. Bxg5 Bxg5 26. Rxg5 h6 27. Rg3 Ke7 28. Ba4 Ra8 29. Bxb5 Qxb5 30. Rb3 Qd7 31. Qb1 Rhc8 32. Rb8 Qc6 33. Qb4+ Kd7 34. Rxc8 Rxc8 35. Qa4 1-0

[Event "Tambov Korensky Memorial 26th"]
[Site "Tambov"]
[Date "2017.08.24"]
[Round "6"]
[White "Sapunov, Evgeny"]
[Black "Lopukhin, Anatoly Viktorovich"]
[Result "1-0"]
[WhiteElo "2466"]
[BlackElo "2284"]
[PlyCount "95"]
[EventDate "2017.08.19"]
[EventType "swiss"]
[EventRounds "9"]
[EventCountry "RUS"]
[SourceTitle "CBM 180 Extra"]
[Source "ChessBase"]
[SourceDate "2017.10.06"]
[SourceVersion "1"]
[SourceVersionDate "2017.10.06"]
[SourceQuality "1"]

1. d4 c5 2. d5 Nf6 3. c4 e5 4. Nc3 d6 5. e4 Be7 6. Nge2 Nbd7 7. h4 h5 8. g3 a6 9. Ng1 Nf8 10. Nh3 Bg4 11. f3 Bd7 12. Be3 Rb8 13. a4 Qc8 14. a5 b5 15. cxb5 axb5 16. a6 b4 17. a7 Ra8 18. Nb5 Ng6 19. Qa4 0-0 20. Qa6 Ne8 21. Qxc8 Bxc8 22. Ng5 Bd7 23. Rh2 Bd8 24. b3 Ne7 25. Rha2 Nc8 26. Bh3 Bxh3 27. Nxh3 f6 28. Nf2 Rf7 29. Ra6 Rb7 30. Rc6 Nxa7 31. Nxd6 Rbb8 32. Rca6 Nxd6 33. Rxd6 Nb5 34. Rda6 Rxa6 35. Rxa6 c4 36. bxc4 Na3 37. c5 b3 38. Bc1 Nc4 39. Nd1 Ba5+ 40. Ke2 Bb4 41. c6 Bd6 42. Bb2 Kf8 43. Kd3 Nb6 44. Ra7 Bc5 45. Ra5 Bd6 46. Rb5 Na4 47. Rxb8+ Bxb8 48. Ba3+ 1-0